000 00514nam a2200205Ia 4500
003 OSt
005 20220107122556.0
008 130318s9999 xx 000 0 und d
020 _a8173713316
040 _cIIITM-K
082 _a658.45 FOR/T
100 _aForsyth, Patrick
_95723
245 _aTelephone skills
260 _bUniversities Press
_aHyderabad
_c2000
300 _a67
440 _aManagement Shapers
_95724
650 _aORAL COMMUNICATION
_95725
650 _aTELEPHONE SKILLS
_95726
942 _2ddc
_cBK
999 _c2
_d2